000 01456nam a2200349Ia 4500
001 ebr10576067
003 CaPaEBR
006 m u
007 cr cn|||||||||
008 030313s2003 paub sb s001 0 eng d
010 _z 2003047320
020 _z0812237382 (alk. paper)
020 _z9780812207378 (ebook)
020 _z9780812237382
040 _aCaPaEBR
_cCaPaEBR
035 _a(OCoLC)802059452
050 1 4 _aBR185
_b.V36 2003eb
100 1 _aVan Dam, Raymond.
245 1 0 _aBecoming Christian
_h[electronic resource] :
_bthe conversion of Roman Cappadocia /
_cRaymond Van Dam.
260 _aPhiladelphia :
_bUniversity of Pennsylvania Press,
_cc2003.
300 _aviii, 254 p. :
_bmap.
504 _aIncludes bibliographical references (p. [193]-246) and index.
533 _aElectronic reproduction.
_bPalo Alto, Calif. :
_cebrary,
_d2011.
_nAvailable via World Wide Web.
_nAccess may be limited to ebrary affiliated libraries.
600 0 0 _aBasil,
_cSaint, Bishop of Caesarea,
_dca. 329-379.
600 0 0 _aGregory,
_cof Nazianzus, Saint.
600 0 0 _aGregory,
_cof Nyssa, Saint,
_dca. 335-ca. 394.
650 0 _aChristianity and culture
_zTurkey
_zCappadocia
_xHistory.
651 0 _aCappadocia (Turkey)
_xChurch history.
655 7 _aElectronic books.
_2local
710 2 _aebrary, Inc.
856 4 0 _uhttp://site.ebrary.com/lib/rucke/Doc?id=10576067
_zAn electronic book accessible through the World Wide Web; click to view
999 _c87821
_d87821